The suburb beyond the stars / (Record no. 2815)

MARC details
000 -LEADER
fixed length control field 01329cam a2200349 a 4500
005 - DATE AND TIME OF LATEST TRANSACTION
control field 20240131113238.0
020 ## - INTERNATIONAL STANDARD BOOK NUMBER
International Standard Book Number 9780545138826 (hardcover : alk. paper) :
Terms of availability $17.99
020 ## - INTERNATIONAL STANDARD BOOK NUMBER
International Standard Book Number 0545138825 (hardcover : alk. paper) :
Terms of availability $17.99
020 ## - INTERNATIONAL STANDARD BOOK NUMBER
International Standard Book Number 9780545138833
040 ## - CATALOGING SOURCE
Original cataloging agency DLC
Transcribing agency DLC
Modifying agency BTCTA
-- IH7
-- MCT
-- DLC
Language of cataloging eng
050 00 - LIBRARY OF CONGRESS CALL NUMBER
Classification number PZ7.A54395
Item number Su 2010
082 00 - DEWEY DECIMAL CLASSIFICATION NUMBER
Classification number 479
Edition number 22
100 1# - MAIN ENTRY--PERSONAL NAME
Personal name Anderson, M. T.
245 14 - TITLE STATEMENT
Title The suburb beyond the stars /
Statement of responsibility, etc. M.T. Anderson
250 ## - EDITION STATEMENT
Edition statement First paperback printing, March 2011
260 ## - PUBLICATION, DISTRIBUTION, ETC.
Place of publication, distribution, etc. New York :
Name of publisher, distributor, etc. Scholastic Press,
Date of publication, distribution, etc. 2010
300 ## - PHYSICAL DESCRIPTION
Extent 223 pages ;
Dimensions 20 cm
505 ## - FORMATTED CONTENTS NOTE
Formatted contents note N
520 ## - SUMMARY, ETC.
Summary, etc. Friends Brian and Gregory have survived the Game of Sunken Places, but are once again drawn back to cousin Prudence's house in Vermont, where they discover that something has gone very wrong with time, people have disappeared, and danger is lurking everywhere.
521 ## - TARGET AUDIENCE NOTE
Target audience note 620 <br/>
Source Lexile<br/>
521 ## - TARGET AUDIENCE NOTE
Target audience note N <br/>
Source Raz-Plus<br/>
650 #1 - SUBJECT ADDED ENTRY--TOPICAL TERM
Topical term or geographic name entry element Games
Form subdivision Fiction.
650 #1 - SUBJECT ADDED ENTRY--TOPICAL TERM
Topical term or geographic name entry element Supernatural
Form subdivision Fiction.
650 #1 - SUBJECT ADDED ENTRY--TOPICAL TERM
Topical term or geographic name entry element Space and time
Form subdivision Fiction.
650 #0 - SUBJECT ADDED ENTRY--TOPICAL TERM
Topical term or geographic name entry element Games
Form subdivision Juvenile fiction.
650 #0 - SUBJECT ADDED ENTRY--TOPICAL TERM
Topical term or geographic name entry element Paranormal fiction.
650 #0 - SUBJECT ADDED ENTRY--TOPICAL TERM
Topical term or geographic name entry element Space and time
Form subdivision Juvenile fiction.
650 #0 - SUBJECT ADDED ENTRY--TOPICAL TERM
Topical term or geographic name entry element Vermont
Form subdivision Juvenile fiction.
906 ## - LOCAL DATA ELEMENT F, LDF (RLIN)
a 7
b cbc
c orignew
d 1
e ecip
f 20
g y-gencatlg
942 ## - ADDED ENTRY ELEMENTS (KOHA)
Source of classification or shelving scheme Dewey Decimal Classification
Koha item type Books
Suppress in OPAC No
999 ## -
-- 2815
-- 2815
Holdings
Withdrawn status Lost status Source of classification or shelving scheme Damaged status Not for loan Collection Home library Current library Shelving location Date acquired Total Checkouts Full call number Barcode Date last seen Copy number Price effective from Koha item type
    Dewey Decimal Classification     Fiction Footprints International School Library Network Toul Kork Campus Footprints International School Library Network Toul Kork Campus   01/16/2024   AND 479 PZ7.A54395 FISSE00928 01/16/2024 1 01/16/2024 Books
    Dewey Decimal Classification     Fiction Footprints International School Library Network Toul Kork Campus Footprints International School Library Network Toul Kork Campus   01/31/2024   AND 479 PZ7.A54395 FIS00748 01/31/2024 2 01/31/2024 Books